000 00529nam a22001817a 4500
005 20251108172503.0
008 250721s9999 xx 000 0 ara d
082 1 4 _aم/347/طلب
100 1 _aطلبه، أنور
245 1 0 _aوسيط في القانون المدني /
250 _aط4
264 1 _aالإسكندرية :
_bالمكتب الجامعي الحديث،
300 _a
650 1 7 _aالقانون المدني
650 1 7 _aالإجراءات المدنية
942 _2ddc
_cREF
999 _c80612
_d80612